Score 0/36 Timer 05:00
3 Plays Today
Hint Answer % Correct
_ _ I C YSPICY
81%
_ _ O U DCLOUD
79.6%
_ _ I S KBRISK
74.7%
_ _ L O WBELOW
74%
_ _ I L DCHILD
72.3%
_ _ O B EGLOBE
71.8%
_ _ O U DALOUD
71.6%
_ _ L O WALLOW
71.4%
_ _ E C TELECT
70.8%
_ _ R O RERROR
69.1%
_ _ A L MPSALM
68.2%
_ _ H O OYAHOO
67.9%
_ _ I S KFRISK
67.1%
_ _ E C TEJECT
64.6%
_ _ H O OACHOO
64.5%
_ _ I S KWHISK
63.9%
_ _ A R LPEARL
63.7%
_ _ O U DPROUD
61.9%
Hint Answer % Correct
_ _ A R LSNARL
60.4%
_ _ O W LPROWL
60.1%
_ _ E C TERECT
59.2%
_ _ O W LGROWL
57.8%
_ _ O B EPROBE
52.4%
_ _ A L MQUALM
52.1%
_ _ A L MREALM
50%
_ _ I L DBUILD
48.7%
_ _ L O WAGLOW
48.1%
_ _ I C YJUICY
47.1%
_ _ I L DGUILD
45.5%
_ _ O W LSCOWL
44.7%
_ _ R O RFUROR
44.2%
_ _ I C YPRICY
41.4%
_ _ A R LGNARL
39.7%
_ _ O B EADOBE
37.4%
_ _ R O RJUROR
37%
_ _ H O OWAHOO
32.7%
Remove Ads.
Support Sporcle.
Get the best of Sporcle when you Go Orange. This ad-free experience offers more features, more stats, and more fun while also helping to support Sporcle. Thank you for becoming a member.

You're not logged in!

Compare scores with friends on all Sporcle quizzes.
OR
Log In

Show Comments

Extras

Top Quizzes Today


Score Distribution

Your Account Isn't Verified!

In order to create a playlist on Sporcle, you need to verify the email address you used during registration. Go to your Sporcle Settings to finish the process.

Report this User

Report this user for behavior that violates our Community Guidelines.

Details: